Statistics for FIBA Basketball World Cup Medalists

Click here to take the quiz!

General Stats

  • This quiz has been taken 50 times
  • The average score is 13 of 17

Answer Stats

Answer% Correct
United States
100%
Germany
96%
Spain
93%
Canada
91%
France
91%
Argentina
89%
Russia
85%
Serbia
83%
Brazil
80%
Greece
80%
Soviet Union
76%
Yugoslavia
76%
Lithuania
70%
Turkey
67%
Croatia
65%
Chile
48%
Philippines
30%

Score Distribution

Percentile by Number Answered

Percent of People with Each Score

Your Score History

You have not taken this quiz